000
00283nam a22001337a 4500
008
171013b xxu||||| |||| 00| 0 eng d
020
_a
0205522157
041
_a
eng
080
_2
7TH
_a
316
100
_a
50
101
_a
SOC
245
_a
SOCIAL WELFARE
_c
AXINN,J
942
_2
udc
_c
BK
999
_c
33555
_d
33555